Melindas name auf verschiedenen Sprachen - Statistiken

Allgemein
  • Dieses Quiz wurde 16 mal gespielt
  • Das Durchschnittsergebnis liegt bei 2 aus 8
Antwortstatistiken
Sprache Name % Korrekt
Deutsch Melinda
93%
Englisch Isabelle
27%
Italienisch Fuffi
13%
Französisch Marie
13%
Spanisch Canela
7%
Japanisch しずえ (Shizue)
7%
Chinesisch 西施惠 (Xīshī huì)
7%
Koreanisch 여울 (Yeoul)
7%
Keine übereinstimmenden Quizze gefunden
Verteilung der Resultate
Anzahl Personen mit jedem Resultat
Perzentil nach korrekt beantworteten Fragen
Ihre Resultats-Entwicklung
Sie haben dieses Quiz noch nicht gespielt